ბათუმის შოთა რუსთაველის სახელმწიფო უნივერსიტეტის ბიბლიოთეკა

Экономика предприятия: Учебник для вузов (ბიბ.ჩანაწერი № 37265)

000 -LEADER
fixed length control field 00747nam a2200217Ia 4500
001 - CONTROL NUMBER
control field 3224
003 - CONTROL NUMBER IDENTIFIER
control field GE_BSU
008 - FIXED-LENGTH DATA ELEMENTS--GENERAL INFORMATION
fixed length control field 181216s||||||||xx |||||||||||||| ||und||
020 ## - INTERNATIONAL STANDARD BOOK NUMBER
International Standard Book Number 585173048Х
040 ## - CATALOGING SOURCE
Transcribing agency GE_BSU
080 ## - UNIVERSAL DECIMAL CLASSIFICATION NUMBER
Universal Decimal Classification number 338.45(075.8)
100 ## - MAIN ENTRY--PERSONAL NAME
Personal name В.Я. Горфинкель, Е.М. Купряков, В.П.Прасолова и др; Под ред. Проф. В.Я. Горфинкеля, проф. Е.М. Купряковма.
245 ## - TITLE STATEMENT
Title Экономика предприятия: Учебник для вузов
260 ## - PUBLICATION, DISTRIBUTION, ETC.
Place of publication, distribution, etc. Москва
260 ## - PUBLICATION, DISTRIBUTION, ETC.
Name of publisher, distributor, etc. Банки и Биржи ЮНИТИ
260 ## - PUBLICATION, DISTRIBUTION, ETC.
Date of publication, distribution, etc. 1996
300 ## - PHYSICAL DESCRIPTION
Extent 367 ст.
653 ## - INDEX TERM--UNCONTROLLED
Uncontrolled term Экономика предприятия
942 ## - ADDED ENTRY ELEMENTS (KOHA)
Koha item type წიგნი
ეგზემპლარები
Withdrawn status Lost status Damaged status Not for loan Date acquired Barcode Date last seen Price effective from Koha item type Public note
        2018-12-17 7779 2018-12-17 2018-12-17 წიგნი დარბაზი
        2018-12-17 7780 2018-12-17 2018-12-17 წიგნი დარბაზი
        2018-12-17 81112 2018-12-17 2018-12-17 წიგნი დარბაზი
        2018-12-17 8113 2018-12-17 2018-12-17 წიგნი დარბაქზი